Mechanics of secondary oil recovery /
Guardado en:
| Autor Principal: | |
|---|---|
| Formato: | Libro |
| Idioma: | English |
| Publicado: |
Malabar, Flu :
R. E. Krieger Pub. Co.,
1975, c1966.
|
| Materias: | |
| Etiquetas: |
Agregar Etiqueta
Sin Etiquetas, Sea el primero en etiquetar este registro!
|
| LEADER | 00924cam a22002295a 4500 | ||
|---|---|---|---|
| 001 | EIQ.libpla001326 | ||
| 008 | 750103r1975####flua#####b####001#0#eng#d | ||
| 005 | 20070227173439.0 | ||
| 245 | 1 | 0 | |a Mechanics of secondary oil recovery / |c Charles Robert Smith. |
| 260 | |a Malabar, Flu : |b R. E. Krieger Pub. Co., |c 1975, c1966. | ||
| 300 | |a viii, 504 p. : |b il. ; |c 24 cm. | ||
| 500 | |a Reimpresión de la ed. publicada por Reinhold Pub. Corp., New York. | ||
| 504 | |a Incluye referencias bibliográficas e índices. | ||
| 020 | |a 0882752707 | ||
| 100 | 1 | |a Smith, Charles Robert. | |
| 082 | 0 | 0 | |a 622/.33/82 |
| 650 | 4 | |a Industria petroquímica |x Recuperación secundaria. | |
| 650 | 4 | |a Petroleum chemicals industry |x Secondary recovery. | |
| 010 | |a 74032220 | ||
| 040 | |a DLC |c DLC |d AR-BbSID | ||
| 859 | |a AR-BbSID |b BIB. PLAPIQUI |h 622.338 2 |i Sm 53 |p 4189 |t Ej. 1 |v Ej. 1 | ||
| 859 | |a AR-BbSID |b BIB. PLAPIQUI |h 622.338 2 |i Sm 53 |p 4700 |t Ej. 2 |v Ej. 2 | ||
